Estudio del impuesto sobre la renta Personas fs̕icas 2019 /

Bibliographic Details
Main Author: Přez Chv̀ez, Još
Other Authors: Fol Olgun̕, Raymundo
Format: eBook
Language:Spanish
Published: Ciudad de Mx̌ico: Tax Editores, 2019
Subjects:
Online Access:Acceso restringido

MARC

LEADER 00000nam a22000007a 4500
005 20190517010139.0
007 cr|||| ||||
008 190517s2019 mx |||||s|||| 00||0 spa d
020 |a 978-607-629-346-1 
035 |a 23396 
040 |a vLex 
090 |c 8742  |d 8742 
100 1 |a Přez Chv̀ez, Još 
245 1 0 |a Estudio del impuesto sobre la renta  |h [Recurso electrn̤ico] :  |b Personas fs̕icas 2019 /  |c Jos ̌Přez Chv̀ez, Raymundo Fol Olgun̕ 
256 |a Servicio en ln̕ea 
260 |a Ciudad de Mx̌ico:  |b Tax Editores,  |c 2019 
300 |a 1 recurso electrn̤ico 
500 |a Entre los tributos ms̀ importantes del sistema fiscal mexicano se encuentra el impuesto sobre la renta (ISR), el cual, por lo general, grava la renta (utilidades) de las personas fs̕icas y morales. Por lo anterior hemos elaborado la presente obra denominada Estudio del impuesto sobre la renta. Personas fs̕icas. Su principal objetivo es presentar a los lectores un extenso anl̀isis de las disposiciones fiscales relacionadas con dicho gravamen mediante el marco ter̤ico de cada tema, y la resolucin̤ de diversos casos prc̀ticos. El lector encontrar ̀en esta obra, entre otros, los siguientes temas relativos a los ingresos percibidos por las personas fs̕icas: 1. Cl̀culo de la retencin̤ de ISR que los empleadores deben efectuar a los que perciben salarios y conceptos asimilados a estos (se incluye la retencin̤ por la percepcin̤ de ingresos por indemnizaciones, aguinaldo, PTU y otros). 2. Determinacin̤ de la base del impuesto; cl̀culo de los pagos provisionales, renta gravable y el importe de la PTU, as ̕como el tratamiento de las přdidas f iscales, en relacin̤ con las personas fs̕icas que desarrollan actividades empresariales y profesionales. 3. Cl̀culo de la base del impuesto, determinacin̤ de los pagos provisionales bimestrales (cuando se opta por calcularlos mediante la aplicacin̤ de un coeficiente de utilidad) y definitivos del ISR, as ̕como de la renta gravable y el importe de la PTU de los contribuyentes del rǧimen de incorporacin̤ f iscal. 4. Determinacin̤ de la base del impuesto y de los pagos provisionales por el arrendamiento de bienes inmuebles. 5. Determinacin̤ de la base del impuesto y, en su caso, de los pagos provisionales cuando se perciben ingresos por adquisicin̤ de bienes, enajenacin̤ de bienes muebles e inmuebles, dividendos, intereses y otros ingresos. 6. Cl̀culo del impuesto del ejercicio de las personas fs̕icas. La obra incluye, entre otros, los ordenamientos fiscales siguientes: 1. La Ley de Ingresos de la Federacin̤ vigente. 2. La Resolucin̤ Miscelǹea Fiscal. Estamos seguros de que esta obra ser ̀de gran utilidad para los contribuyentes (personas fs̕icas), profesionales del r̀ea fiscal, estudiantes de nuestra legislacin̤ fiscal y, en general, para toda persona interesada en el tema. 
506 1 |a Disponible solo en los productos indicados  |d vLex Global  |d vLex Global (Academic Edition, excluding Law Schools)  |d vLex Global (U.S. Academic Edition, Law Schools)  |d vLex Global (U.S. Academic Edition, excluding Law Schools)  |d vLex Global (Academic Edition, Law Schools) 
650 0 4 |a Derecho Fiscal  |z Mx̌ico 
700 1 |a Fol Olgun̕, Raymundo 
740 0 |a vLex Libros (Servicio en ln̕ea) 
856 4 0 |u http://vlex.com/source/estudio-del-impuesto-sobre-la-renta-personas-fisicas-2019-23396  |z Acceso restringido 
942 |c BOOK 
999 0 |a Tax Law